000 00353nam a2200145Ia 4500
005 20250401084159.0
008 240331s9999 xx 000 0 und d
082 _bTHI
_a894
100 _aThilagavathy,
245 0 _aNilavukkul sooriyan
260 _aChennai
_bAlaikal Achagam
_c1992
300 _a151 p .,
500 _aA Tamil Social Novel
942 _cL
999 _c4208
_d4208